The shadow of coming events, (Record no. 5046)

MARC details
000 -LEADER
fixed length control field 00580nam a2200217I 4500
001 - CONTROL NUMBER
control field 22052
003 - CONTROL NUMBER IDENTIFIER
control field GBCCL
005 - DATE AND TIME OF LATEST TRANSACTION
control field 20241126110532.0
008 - FIXED-LENGTH DATA ELEMENTS--GENERAL INFORMATION
fixed length control field 780414s1946 xx 000 0 eng d
035 ## - SYSTEM CONTROL NUMBER
System control number (OCoLC)03801545
040 ## - CATALOGING SOURCE
Original cataloging agency TLT
Transcribing agency TLT
049 ## -
-- LBBK
082 ## - DEWEY DECIMAL CLASSIFICATION NUMBER
Classification number 236
Item number RIM
092 ## - LOCALLY ASSIGNED DEWEY CALL NUMBER (OCLC)
Item number R577s
100 1# - MAIN ENTRY--PERSONAL NAME
Personal name Rimmer, Harry,
Dates associated with a name 1890-1952.
9 (RLIN) 9105
245 14 - TITLE STATEMENT
Title The shadow of coming events,
Statement of responsibility, etc. by Harry Rimmer.
260 ## - PUBLICATION, DISTRIBUTION, ETC.
Place of publication, distribution, etc. Grand Rapids, Mich.,
Name of publisher, distributor, etc. Wm. B. Eerdmans publishing co.,
Date of publication, distribution, etc. 1946.
300 ## - PHYSICAL DESCRIPTION
Extent 294 p.
Dimensions 20 cm.
630 00 - SUBJECT ADDED ENTRY--UNIFORM TITLE
Uniform title Bible
General subdivision Prophecies.
9 (RLIN) 457
942 ## - ADDED ENTRY ELEMENTS (KOHA)
Source of classification or shelving scheme Dewey Decimal Classification
Koha item type Books
Holdings
Withdrawn status Lost status Source of classification or shelving scheme Damaged status Not for loan Home library Current Library Shelving location Date acquired Total checkouts Full call number Barcode Date last seen Copy number Price effective from Koha item type
    Dewey Decimal Classification     GRACE BIBLE COLLEGE GRACE BIBLE COLLEGE Theology 2018-02-22   236 RIM 000611 2025-05-01 c.1 2018-02-22 Books
© Grace Bible College Library 2025